000 01156nam a2200265 i 4500
001 180144
003 ES-MaACL
005 20251220171945.0
008 120424s1956 mx d |||| | spa d
080 _a514.13
100 1 _aLobachevskii, N. I. (
_d1792-1856)
_9149869
245 1 0 _aPangeometría
_bo Compendio de geometría fundado sobre una teoría general y rigurosa de las paralelas /
_cNicolai I. Lobachevski ; [traducción de Eli de Gortari].
246 3 0 _aCompendio de geometría fundado sobre una teoría general y rigurosa de las paralelas
260 _aMéxico :
_bUniversidad Nacional de México,
_c1956.
300 _a17 p. :
_bgráf. ;
_c22 cm.
490 1 _aSeminario de Problemas Científicos y Filosóficos. Suplementos ;
_v10
594 _aTítulo completo tomado de la p. 1.
650 4 _aGeometría no euclidiana.
_9149870
650 4 _aParalelas (Geometría)
_9148022
700 1 _aGortari, Eli de.
_959231
710 2 _aUniversidad Nacional Autónoma de México.
_97397
830 0 _aSeminario de Problemas Científicos y Filosóficos. Suplementos
_v10
_9190619
852 _aES-MaACL
_j2297-F-9
999 _c180144
_d180144